000 00785nam a2200277 i 4500
001 000012650
003 DO-SdBNP
005 20240530073914.0
007 ta
008 091116s1978 dr 001 f spa d
040 _aDO-SdBNP
_bspa
_cBNPHU
_erda
049 _aBNPD
082 4 _aRD863.44
_bP438j
_222
100 1 _aPérez Cabral,
_929436
_eautor
245 1 0 _aJengibre /
_cPérez Cabral.
264 _aSanto Domingo :
_bAlfa y Omega,
_c1978.
300 _a199 páginas ;
_c21 cm.
336 _2rdacontent
_atexto
_btxt
337 _2rdamedia
_asin mediación
_bn
338 _2rdacarrier
_avolumen
_bnc
504 _aBibliográfias : p. 201
590 _aInventariado, 2024/BT
650 0 _aNovela dominicana
_9223
650 4 _aLiteratura dominicana.
_967
942 _2ddc
_cLBS1
999 _c12302
_d12302